01894nam0a22003371 4500001001100000005001700011021001900028035002600047100004100073101000800114102000700122105001800129200029600147210005100443215001600494225012400510300005800634300015400692516002700846532017200873601011901045601010001164702003801264702003401302702003401336702003801370712008901408801001801497801002201515852001901537rc\314710320260407113747.0 aRUb[75-30036] a(NLR Aleph) 007320642 a20120615d1975 |||y0rusy50 ca0 arus aRU ay z |||||1 aКоммунистическая партия Туркменистана в цифрах (1924-1974)eСтат. сборникfИн-т истории партии при ЦК КП Туркменистана - филиал Ин-та марксизма-ленинизма при ЦК КПСС aАшхабадcТуркменистанd1975 a266 с.d221 a[Посвящается 50-летию образования ТССР и Компартии Туркменистана] aНа корешке загл.: КПТ в цифрах aНа обороте тит. л. сост.: А.А. Королькова, Б.А. Лесницкий, А.Т. Шелудько, К.В. Атемасов0 aКПТ в цифрах11aКоммунистическая партия Туркменистана в цифрах (тысяча девятьсот двадцать четвертый - 1974)02aКП ТуркменистанаxРост и регулирование составаjСтатистика2psbo02aКП ТуркменистанаxИсторияjДокументы и материалы2psbo 1aЛесницкийbБ.А.4220 1aШелудькоbА.Т.4220 1aАтемасовbК.В.4220 1aКорольковаbА.А.422002aИнститут истории партииcАшхабад3RU\NLR\AUTH\8810065796 0aRUbNLRgpsbo 1aRUbELAR2rusmarc aNLRj75-5/1137